Catalog

Record Details

Catalog Search



Available copies

  • 2 of 2 copies available at LARL/NWRL Consortium.

Current holds

0 current holds with 2 total copies.

Show Only Available Copies
Location Call Number / Copy Notes Barcode Shelving Location Status Due Date
Red Lake Falls Public Library CHA (Text) 35500005822786 Main Available -
Roseau Public Library CHA (Text) 35500005671696 Main Available -

Record details

  • Physical Description: 239 pages ; 22 cm.
  • Publisher: Berne, Indiana : Annie's, [2013]
Genre: Mystery fiction.
LDR 00872cam a2200265 i 4500
001189275
003LARL_NWRL_CONSORTIUM
00520140804163916.0
008140722s2013 inu 000 1 eng
010 . ‡a2013917196
040 . ‡aDLC ‡beng ‡cDLC ‡erda ‡dDLC
042 . ‡apcc
049 . ‡aNRG
05000. ‡aPS3553.H3348 ‡bH67 2013
08200. ‡a813/.54 ‡223
1001 . ‡aChase, Marlene J.
24510. ‡aHorseplay at white meadows ‡n#12 / ‡cMarlene Chase.
264 1. ‡aBerne, Indiana : ‡bAnnie's, ‡c[2013]
300 . ‡a239 pages ; ‡c22 cm.
336 . ‡atext ‡2rdacontent
337 . ‡aunmediated ‡2rdamedia
338 . ‡avolume ‡2rdacarrier
4900 . ‡aCreative woman mysteries ; ‡v12
655 7. ‡aMystery fiction. ‡2gsafd
901 . ‡a189275 ‡bLCCN ‡c189275 ‡tbiblio

Additional Resources